000 00748nam a2200205 a 4500
005 20240807063830.0
008 070829s2006 mx r 000 0 spa d
035 _aUPN01000151605
049 _aCG
050 4 _aHT178 M6
_bP7.6
245 0 0 _aProyectos estratégicos para las áreas centrales de las ciudades mexicanas :
_bguía metodológica.
260 _aMéxico :
_bSEDESOL :
_c2006.
_bUAM-Azcapotzalco,
300 _a253 p. +
_e1 CD-ROM ; 4 3/4 plg.
500 _a"Hábitat"
500 _aEn el CD-ROM se encuentra la Guía metodológica
650 4 _aRenovación de zonas urbanas
_zCiudad de México
_98917
650 4 _aCiudades y pueblos
_zCiudad de México
_99053
650 4 _aCiudades y pueblos
_xPlanificación
_98483
905 _aLibro
999 _c123741
_d123741